[Event "35 Masters 2011"]
[Site "Rennes"]
[Date "2011.06.12"]
[Round "3.4"]
[White "Huard, Herve"]
[Black "Wirth, Thierry"]
[Result "0-1"]
[WhiteElo "1770"]
[BlackElo "1897"]
[PlyCount "62"]
[EventDate "2011.??.??"]

1. e4 e6 2. d4 d5 3. e5 c5 4. c3 Nc6 5. Nf3 Qb6 6. Be2 cxd4 7. cxd4 Nge7 8. Na3
Nf5 9. Nc2 Bb4+ 10. Kf1 Be7 11. h4 h5 12. b4 Bd7 13. b5 Na5 14. a4 Nb3 15. Rb1
Nxc1 16. Rxc1 Qa5 17. Ne3 Nxe3+ 18. fxe3 Qd8 19. Qe1 Rc8 20. Rxc8 Qxc8 21. Ng5
Qc2 22. Rh3 Qxa4 23. Qb1 Rh6 24. Rg3 g6 25. Bd3 Qb4 26. Qc2 Bxb5 27. Qc8+ Bd8
28. Nxf7 Bxd3+ 29. Kg1 Kxf7 30. Qxd8 Qe7 31. Rf3+ Bf5 0-1

[Event "35 Masters 2011"]
[Site "Rennes"]
[Date "2011.06.12"]
[Round "3.5"]
[White "Charpentier, Maxime"]
[Black "Le Marec, Simon"]
[Result "0-1"]
[WhiteElo "1824"]
[BlackElo "2115"]
[PlyCount "106"]
[EventDate "2011.??.??"]

1. e4 c5 2. Nf3 a6 3. c3 e6 4. d4 d5 5. exd5 Qxd5 6. c4 Qe4+ 7. Qe2 Qxe2+ 8.
Bxe2 cxd4 9. Nxd4 e5 10. Nf3 Nc6 11. O-O Bc5 12. Nc3 Nge7 13. a3 O-O 14. b4 Bd4
15. Bb2 Bf5 16. Rfd1 Rad8 17. b5 Na5 18. bxa6 bxa6 19. Nxd4 exd4 20. Nd5 Nxd5
21. cxd5 Nb3 22. Bxd4 Bc2 23. Be3 Nxa1 24. Rxa1 Rxd5 25. Bxa6 Ra8 26. Bc4 Rd1+
27. Rxd1 Bxd1 28. Bd5 Rxa3 29. g3 Bg4 30. h4 Rd3 31. Be4 Rd1+ 32. Kg2 Be6 33.
Bf3 Bd5 34. Bxd5 Rxd5 35. Kh3 Kf8 36. Kg2 Ke7 37. Bc1 Rb5 38. Bd2 Rb3 39. Be3
Ke6 40. Bd4 g6 41. Be3 Kf5 42. Bh6 Kg4 43. Bg5 Kh5 44. f3 f5 45. Bf4 h6 46. Be5
g5 47. hxg5 hxg5 48. Bd4 g4 49. fxg4+ Kxg4 50. Be5 Re3 51. Bf4 Re2+ 52. Kf1 Kf3
53. Kg1 Rg2+ 0-1

[Event "35 Masters 2011"]
[Site "Rennes"]
[Date "2011.06.12"]
[Round "3.6"]
[White "Demellier, Antonin"]
[Black "Castel, Efflam"]
[Result "0-1"]
[WhiteElo "1686"]
[BlackElo "1922"]
[PlyCount "86"]
[EventDate "2011.??.??"]

1. e4 d5 2. exd5 Nf6 3. d4 Nxd5 4. Nc3 Nxc3 5. bxc3 c5 6. Bc4 Nc6 7. Nf3 cxd4
8. cxd4 e6 9. O-O Be7 10. Bf4 O-O 11. c3 a6 12. Bb3 Na5 13. Bc2 Bd7 14. Qd3 g6
15. Ne5 Rc8 16. Bh6 Bb5 17. Qg3 Bh4 18. Qg4 f5 19. Qf4 g5 20. Qf3 Rf6 21. Qh5
Be8 22. Qd1 Rxh6 23. g3 Rxc3 24. Qd2 Rc8 25. gxh4 Rxh4 26. Nf3 Rg4+ 27. Kh1 Qd5
28. Bd1 Nc4 29. Qe2 Bc6 30. Rg1 h6 31. h3 Rf4 32. Rg3 Nd6 33. Kg1 Ne4 34. Qe3
Nxg3 35. fxg3 Re4 36. Qd3 Bb5 37. Qd2 Kg7 38. Nxg5 Re1+ 39. Qxe1 hxg5 40. Qe3
Kf6 41. Bf3 Qd6 42. Bxb7 Rc2 43. Bf3 Qxg3+ 0-1

[Event "35 Masters 2011"]
[Site "Rennes"]
[Date "2011.06.12"]
[Round "3.7"]
[White "Fisson, Sebastien"]
[Black "Bordais, Baptiste"]
[Result "1-0"]
[WhiteElo "1910"]
[BlackElo "1780"]
[PlyCount "73"]
[EventDate "2011.??.??"]

1. c4 c6 2. Nf3 d5 3. e3 Nf6 4. b3 e6 5. Be2 Bd6 6. Bb2 O-O 7. O-O Nbd7 8. d4
Ne4 9. g3 Ndf6 10. Ne5 h6 11. f3 Ng5 12. Nd2 Re8 13. Qc2 Bd7 14. h4 Ngh7 15.
Rf2 Rc8 16. Bd3 Qe7 17. Kh1 c5 18. Rg1 cxd4 19. exd4 dxc4 20. bxc4 Bc6 21. g4
Nf8 22. g5 hxg5 23. hxg5 Bxe5 24. dxe5 Nh5 25. Rh2 g6 26. Ne4 Bxe4 27. Bxe4 b5
28. Rxh5 Rxc4 29. Qh2 gxh5 30. Bd3 Rcc8 31. g6 h4 32. Qg2 Nxg6 33. Bxg6 fxg6
34. Qxg6+ Kh8 35. Qh6+ Qh7 36. Qf6+ Qg7 37. Qxg7# 1-0

[Event "35 Masters 2011"]
[Site "Rennes"]
[Date "2011.06.12"]
[Round "3.8"]
[White "Ferret-Leger, Gaspard"]
[Black "Savary, Xavier"]
[Result "0-1"]
[WhiteElo "1756"]
[BlackElo "1875"]
[PlyCount "64"]
[EventDate "2011.??.??"]

1. e4 e5 2. Nf3 Nc6 3. Bc4 Bc5 4. c3 Nf6 5. d3 d6 6. Nbd2 O-O 7. Bb3 Be6 8. Bc2
Qe7 9. h3 Bb6 10. O-O Nd7 11. Re1 f5 12. Nf1 fxe4 13. dxe4 Kh8 14. Be3 Qf6 15.
Kh2 Bxe3 16. Nxe3 Qf4+ 17. Kg1 Bxh3 18. Nd5 Qg4 19. Ne3 Qg6 20. Nh4 Qg5 21. Nf3
Qh5 22. Nxe5 Qxe5 23. gxh3 Qf4 24. Rf1 Nce5 25. Nf5 Nf3+ 26. Kg2 Nde5 27. Ng3
h5 28. Qc1 Nh4+ 29. Kh2 Qf3 30. Rg1 Qxf2+ 31. Kh1 Nef3 32. Nf1 Qxg1# 0-1

[Event "35 Masters 2011"]
[Site "Rennes"]
[Date "2011.06.12"]
[Round "3.9"]
[White "Collet, Davy"]
[Black "Prioul, Jean"]
[Result "0-1"]
[WhiteElo "1796"]
[BlackElo "1905"]
[PlyCount "88"]
[EventDate "2011.??.??"]

1. e4 d6 2. d4 Nf6 3. Nc3 Nbd7 4. Nf3 e5 5. Bc4 Be7 6. dxe5 dxe5 7. Bg5 O-O 8.
Qd2 c6 9. a4 h6 10. Be3 Ng4 11. O-O Nxe3 12. Qxe3 Bc5 13. Qe2 a5 14. Rad1 Qe7
15. h3 Nf6 16. Nd2 g6 17. Nb3 Bb6 18. Qd3 Nh5 19. Ne2 Qg5 20. Nd2 Nf4 21. Nxf4
Qxf4 22. Qf3 Qg5 23. Qb3 Bc5 24. Qf3 Kg7 25. Nb3 Bb6 26. Kh2 f5 27. exf5 Bxf5
28. Qc3 Bc7 29. Kh1 Qf6 30. Nc1 Rad8 31. Nd3 Rd4 32. Nc5 Rfd8 33. Rde1 Bc8 34.
Nb3 Rf4 35. Re2 b6 36. Nd2 Rdd4 37. b3 Bb7 38. Nf3 Rde4 39. Rd2 Rd4 40. Nxd4
exd4 41. Qa1 c5 42. Re2 Rf3 43. Be6 Qf4 44. g3 Rxg3+ 0-1

[Event "35 Masters 2011"]
[Site "Rennes"]
[Date "2011.06.12"]
[Round "3.10"]
[White "Stievenard, Hugo"]
[Black "Dugue, Benoit"]
[Result "1-0"]
[WhiteElo "1720"]
[BlackElo "1873"]
[PlyCount "73"]
[EventDate "2011.??.??"]

1. e4 c6 2. d4 d5 3. e5 Bf5 4. c4 e6 5. Nc3 Be7 6. Nf3 Na6 7. a3 Nc7 8. Be2 a6
9. Be3 dxc4 10. Bxc4 Nd5 11. Bxd5 exd5 12. O-O Qb6 13. b3 Qc7 14. Qc1 Qd7 15.
Na4 Qd8 16. Bd2 a5 17. Nc5 Bxc5 18. Qxc5 Qc7 19. Rfc1 Be6 20. b4 a4 21. b5 Ne7
22. Bb4 Rc8 23. b6 Qd8 24. Ne1 f5 25. exf6 gxf6 26. Nd3 Kf7 27. Re1 Ng6 28. Re3
Re8 29. Rae1 Qd7 30. Qc3 c5 31. Nxc5 Qb5 32. Rxe6 Rxe6 33. Rxe6 Nf4 34. Re7+
Kxe7 35. Nxb7+ Kd7 36. Qxc8+ Kxc8 37. Nd6+ {37...Rg7 illegal} 1-0

[Event "35 Masters 2011"]
[Site "Rennes"]
[Date "2011.06.12"]
[Round "3.11"]
[White "Perez, Javier"]
[Black "Dupitier, Mickael"]
[Result "1/2-1/2"]
[WhiteElo "1870"]
[BlackElo "1853"]
[PlyCount "79"]
[EventDate "2011.??.??"]

1. d4 Nf6 2. c4 g6 3. Nc3 Bg7 4. e4 d6 5. Be3 O-O 6. Nge2 e5 7. dxe5 dxe5 8.
Qxd8 Rxd8 9. Nd5 Nxd5 10. cxd5 c6 11. Nc3 b6 12. Bc4 h6 13. Rd1 Bb7 14. O-O
cxd5 15. Nxd5 Nc6 16. f4 Na5 17. Ne7+ Kf8 18. Nxg6+ fxg6 19. fxe5+ Ke8 20. Bf7+
Ke7 21. Bd2 Rxd2 22. Rxd2 Bxe4 23. e6 Rd8 24. Rxd8 Kxd8 25. Rd1+ Ke7 26. Rd7+
Kf8 27. Rxa7 Bxb2 28. Rd7 Nc6 29. Rc7 Ne5 30. Rc8+ Ke7 31. Re8+ Kf6 32. Bg8 Bd3
33. Rd8 Ba3 34. Bf7 Bc5+ 35. Kh1 Bb5 36. Ra8 Nxf7 37. exf7 Kxf7 38. Ra7+ Kf6
39. a4 Bd3 40. Rc7 {(=)} 1/2-1/2

[Event "35 Masters 2011"]
[Site "Rennes"]
[Date "2011.06.12"]
[Round "3.12"]
[White "Henry, Solenne"]
[Black "Vandomel, Fabrice"]
[Result "0-1"]
[WhiteElo "1707"]
[BlackElo "1841"]
[PlyCount "78"]
[EventDate "2011.??.??"]

1. e4 e6 2. d4 d5 3. Nd2 Nf6 4. e5 Nfd7 5. Bd3 c5 6. c3 b6 7. Ne2 Ba6 8. Bc2
Nc6 9. Nf3 Rc8 10. Bd2 cxd4 11. cxd4 Nb4 12. Bxb4 Bxb4+ 13. Kf1 O-O 14. a3 Be7
15. Rc1 f6 16. exf6 Bxf6 17. g3 Rf7 18. Kg2 g5 19. g4 Bg7 20. Ng3 Qf6 21. Nh5
Qe7 22. h4 gxh4 23. Nxh4 Bh6 24. Rb1 Rcf8 25. f3 Bg5 26. Ng3 Bxh4 27. Bxh7+
Rxh7 28. Nh5 Bg5 29. Qc2 Qf7 30. f4 Rc8 31. Qxc8+ Bxc8 32. fxg5 Qg6 33. Rbc1
Qe4+ 34. Kf2 Qxd4+ 35. Kg3 Qe5+ 36. Kg2 Qe4+ 37. Kg3 Ba6 38. Rhe1 Qd3+ 39. Kg2
Qd2+ 0-1

[Event "35 Masters 2011"]
[Site "Rennes"]
[Date "2011.06.12"]
[Round "4.1"]
[White "Castel, Efflam"]
[Black "Maulana, Kahfi"]
[Result "1/2-1/2"]
[WhiteElo "1922"]
[BlackElo "1917"]
[PlyCount "39"]
[EventDate "2011.??.??"]

1. d4 Nf6 2. c4 c5 3. d5 b5 4. Nf3 g6 5. Qc2 b4 6. a3 bxa3 7. Rxa3 d6 8. e4 Bg7
9. Bf4 O-O 10. e5 Nh5 11. Be3 Na6 12. Rxa6 Bxa6 13. g4 Nf6 14. exf6 Bxf6 15.
Bh6 Qa5+ 16. Nfd2 Rfb8 17. b3 Bc8 18. f3 Bh4+ 19. Kd1 Bd7 20. Bd3 {(=)} 1/2-1/2

[Event "35 Masters 2011"]
[Site "Rennes"]
[Date "2011.06.12"]
[Round "4.3"]
[White "Le Marec, Simon"]
[Black "Theon, Pierre"]
[Result "0-1"]
[WhiteElo "2115"]
[BlackElo "2103"]
[PlyCount "122"]
[EventDate "2011.??.??"]

1. e4 c5 2. Nf3 g6 3. d4 cxd4 4. Qxd4 Nf6 5. e5 Nc6 6. Qa4 Nd5 7. Qe4 Nc7 8.
Nc3 Bg7 9. Bc4 b5 10. Nxb5 Nxb5 11. Qd5 O-O 12. Bxb5 Bb7 13. O-O Rb8 14. Qc5 d6
15. exd6 exd6 16. Qg5 Nb4 17. Qxd8 Rfxd8 18. Ba4 Bxf3 19. gxf3 Rdc8 20. Bb3
Nxc2 21. Rb1 Nd4 22. Bd1 Nb5 23. Be3 Nc3 24. Rc1 Rxb2 25. a4 a5 26. Kg2 Re8 27.
Bf4 Nd5 28. Rc4 Nxf4+ 29. Rxf4 d5 30. Rg4 h5 31. Rg5 Rd8 32. f4 Bh6 33. Rg3
Bxf4 34. Rf3 Bd6 35. Bb3 Rd2 36. Rc1 Rd7 37. Rc6 Kg7 38. Rb6 Rd4 39. Rb5 Bb4
40. h3 Rd2 41. Rb6 Rd6 42. Rb7 Rf6 43. Rxf6 Kxf6 44. Rb5 Ke5 45. Kf1 Ke4 46.
f3+ Ke5 47. Kg1 g5 48. Kh1 Rd3 49. Bc2 Rxf3 50. h4 gxh4 51. Kg2 Ra3 52. Bd1 h3+
53. Kh2 h4 54. Rb7 Bd6 55. Rb1 Ke4+ 56. Kh1 Ra2 57. Bg4 Rh2+ 58. Kg1 Rg2+ 59.
Kh1 Rxg4 60. Re1+ Kf5 61. Re5+ Kxe5 0-1

[Event "35 Masters 2011"]
[Site "Rennes"]
[Date "2011.06.12"]
[Round "4.4"]
[White "Aubry, Yannis"]
[Black "Fisson, Sebastien"]
[Result "1-0"]
[WhiteElo "2055"]
[BlackElo "1910"]
[PlyCount "56"]
[EventDate "2011.??.??"]

1. d4 Nf6 2. Nf3 g6 3. b4 Bg7 4. Bb2 O-O 5. e3 d5 6. c4 dxc4 7. Bxc4 Bg4 8.
Nbd2 Nc6 9. Qb3 Bxf3 10. Nxf3 Ne4 11. Rc1 e6 12. O-O Ne7 13. Bxe6 Qd6 14. Bc4
c6 15. a4 g5 16. Bd3 g4 17. Bxe4 gxf3 18. Bxf3 Kh8 19. Ba3 Qg6 20. b5 Rfe8 21.
bxc6 Nxc6 22. Qxb7 Nxd4 23. exd4 Bxd4 24. Bb2 Rad8 25. Bxd4+ Rxd4 26. Qxa7 Rf4
27. Qb7 Rg8 28. Rc8 Qxg2+ 1-0

[Event "35 Masters 2011"]
[Site "Rennes"]
[Date "2011.06.12"]
[Round "4.5"]
[White "Savary, Xavier"]
[Black "Prioul, Jean"]
[Result "1/2-1/2"]
[WhiteElo "1875"]
[BlackElo "1905"]
[PlyCount "87"]
[EventDate "2011.??.??"]

1. e4 d6 2. d4 Nf6 3. Nc3 e5 4. Nf3 Nbd7 5. Bc4 Be7 6. O-O O-O 7. h3 c6 8. a4
Qc7 9. Be3 b6 10. Nd2 Nxe4 11. Ndxe4 d5 12. Bxd5 cxd5 13. Nxd5 Qd8 14. dxe5
Nxe5 15. Nxe7+ Qxe7 16. Bg5 f6 17. Qd5+ Be6 18. Qxe5 Qf7 19. Qg3 Qg6 20. Nxf6+
gxf6 21. Bh4 Rac8 {(=)} 22. c3 Rc4 23. Rfe1 Qxg3 24. Bxg3 Bd7 25. a5 b5 26.
Rad1 Rf7 27. Rd6 b4 28. Red1 bxc3 29. bxc3 Bb5 30. Rb1 a6 31. Rb4 Rxc3 32. Rd8+
Rf8 33. Rg4+ Kf7 34. Rxf8+ Kxf8 35. Re4 Rc1+ 36. Kh2 Ra1 37. Bc7 Kf7 38. Kg3
Ra3+ 39. Re3 Rxe3+ 40. fxe3 f5 41. Kf4 Bd3 42. g4 fxg4 43. hxg4 Ke6 44. e4
1/2-1/2

[Event "35 Masters 2011"]
[Site "Rennes"]
[Date "2011.06.12"]
[Round "4.6"]
[White "Alanic, Xavier"]
[Black "Huard, Herve"]
[Result "1-0"]
[WhiteElo "2287"]
[BlackElo "1770"]
[PlyCount "71"]
[EventDate "2011.??.??"]

1. e4 c5 2. f4 Nc6 3. Nc3 d6 4. Nf3 Nf6 5. Bc4 e6 6. e5 Nd7 7. exd6 Bxd6 8. d3
Nd4 9. O-O a6 10. Ne4 Nxf3+ 11. Qxf3 Be7 12. a4 Nb6 13. Bb3 Bd7 14. Qg3 g6 15.
Be3 Rc8 16. Qf2 Qc7 17. c4 f5 18. Nc3 Rd8 19. a5 Nc8 20. Bc2 b5 21. axb6 Qxb6
22. Rfb1 a5 23. d4 O-O 24. dxc5 Qa6 25. Bd3 Bf6 26. Rc1 Be8 27. Bf1 Ne7 28. b4
Bf7 29. Rxa5 Qb7 30. b5 Ra8 31. c6 Qc7 32. Rxa8 Rxa8 33. Bd4 e5 34. fxe5 Bxe5
35. Bxe5 Qxe5 36. Nd5 1-0

[Event "35 Masters 2011"]
[Site "Rennes"]
[Date "2011.06.12"]
[Round "4.7"]
[White "Busnel, Laurent"]
[Black "Stievenard, Hugo"]
[Result "1-0"]
[WhiteElo "1913"]
[BlackElo "1720"]
[PlyCount "105"]
[EventDate "2011.??.??"]

1. e4 c5 2. Nf3 a6 3. d4 cxd4 4. Nxd4 Nf6 5. Nc3 Qc7 6. Bd3 Nc6 7. Be3 e6 8.
Nb3 Bd6 9. h3 b5 10. O-O O-O 11. Kh1 Be7 12. f4 d6 13. Qe2 Bb7 14. Rad1 Rad8
15. Qf2 Rd7 16. Bb6 Qb8 17. a3 Bd8 18. Be3 Bc7 19. Nd4 Qd8 20. Nf3 Qe7 21. Qh4
e5 22. f5 Ne8 23. Qf2 Nf6 24. Bg5 Nb8 25. g4 Bd8 26. Rg1 Re8 27. Bxf6 gxf6 28.
Be2 Kh8 29. Nd5 Bxd5 30. Rxd5 Rb7 31. Rgd1 Nc6 32. Rxd6 Bb6 33. Qh4 Nd4 34.
R6xd4 exd4 35. Bd3 Rc7 36. e5 Rc6 37. Be4 Rc4 38. Bd3 Rc6 {(=)} 39. Re1 Qf8 40.
Be4 Qc5 41. Bxc6 Qxc6 42. Qxf6+ Qxf6 43. exf6 Rxe1+ 44. Nxe1 h6 45. Kg2 Bd8 46.
Kf3 Bxf6 47. Nd3 Kg7 48. Ke4 Kf8 49. Nf4 Ke8 50. Nd5 d3 51. Nxf6+ Ke7 52. Ng8+
Kf8 53. cxd3 1-0

[Event "35 Masters 2011"]
[Site "Rennes"]
[Date "2011.06.12"]
[Round "4.8"]
[White "Dupitier, Mickael"]
[Black "Ferret-Leger, Gaspard"]
[Result "1/2-1/2"]
[WhiteElo "1853"]
[BlackElo "1756"]
[PlyCount "87"]
[EventDate "2011.??.??"]

1. d4 d5 2. Bf4 Nf6 3. e3 Bf5 4. c4 c6 5. Qb3 Qb6 6. Nf3 Nbd7 7. c5 Qxb3 8.
axb3 Nh5 9. Nc3 Nxf4 10. exf4 e6 11. Be2 Be7 12. O-O O-O 13. b4 a6 14. h3 h6
15. g4 Bh7 16. Ra3 f6 17. Rfa1 Bd8 18. b5 Bc7 19. bxc6 bxc6 20. Rxa6 Rxa6 21.
Rxa6 Nb8 22. Ra7 Bxf4 23. b4 Rf7 24. Rxf7 Kxf7 25. b5 Ke7 26. b6 Kd8 27. Na2
Kc8 28. Kf1 Be4 29. Ne1 e5 30. Bd3 exd4 31. f3 Bxd3+ 32. Nxd3 Be3 33. f4 Nd7
34. Nab4 Kb7 35. Ke2 g5 36. fxg5 fxg5 37. Nc2 Nf6 38. Nxe3 dxe3 39. Kxe3 h5 40.
gxh5 Nxh5 41. Kd4 Ng3 42. Ke5 Ne4 43. Kf5 Kc8 44. Ke5 1/2-1/2

[Event "35 Masters 2011"]
[Site "Rennes"]
[Date "2011.06.12"]
[Round "4.9"]
[White "Vandomel, Fabrice"]
[Black "Demellier, Antonin"]
[Result "1/2-1/2"]
[WhiteElo "1841"]
[BlackElo "1686"]
[PlyCount "60"]
[EventDate "2011.??.??"]

1. e4 e6 2. Nf3 d5 3. e5 c5 4. b4 b6 5. c3 Bd7 6. a3 f6 7. d4 c4 8. g3 Nc6 9.
a4 fxe5 10. b5 Na5 11. Nxe5 Nf6 12. Bg2 Bd6 13. Ba3 Qc7 14. Bxd6 Qxd6 15. Na3
Rc8 16. O-O O-O 17. Nc2 Be8 18. Bf3 Nd7 19. Re1 Nxe5 20. dxe5 Qc5 21. Nd4 Bd7
22. Re3 Nb3 23. Nxb3 cxb3 24. Qxb3 Rc7 25. Rd1 Rfc8 26. Rd4 Be8 27. Bg4 Qe7 28.
h4 h5 29. Be2 Bg6 30. Kg2 Rc5 1/2-1/2

[Event "35 Masters 2011"]
[Site "Rennes"]
[Date "2011.06.12"]
[Round "4.10"]
[White "Bordais, Baptiste"]
[Black "Charpentier, Maxime"]
[Result "1-0"]
[WhiteElo "1780"]
[BlackElo "1824"]
[PlyCount "75"]
[EventDate "2011.??.??"]

1. Nf3 Nf6 2. d4 e6 3. c4 c5 4. e3 Be7 5. Nc3 O-O 6. Bd3 b6 7. d5 Bb7 8. e4
exd5 9. cxd5 d6 10. O-O a6 11. a4 Nbd7 12. Bd2 Ng4 13. Bf4 Bf6 14. Bxd6 Re8 15.
Bf4 Nge5 16. Nxe5 Nxe5 17. Qc2 Ng6 18. Bg3 Qd7 19. Qb3 Qd8 20. Rad1 Rc8 21.
Rfe1 Ne5 22. Be2 Nd7 23. Bg4 Ra8 24. Bxd7 Qxd7 25. Qxb6 Rac8 26. Qb3 c4 27. Qc2
Bxc3 28. bxc3 Rc5 29. f3 Ra5 30. Rb1 f6 31. Rb4 Rc8 32. Reb1 Ba8 33. Rb8 Qa7+
34. Qf2 Qxf2+ 35. Bxf2 Rxb8 36. Rxb8+ Kf7 37. Rxa8 Rxa4 38. Bc5 1-0

[Event "35 Masters 2011"]
[Site "Rennes"]
[Date "2011.06.12"]
[Round "4.11"]
[White "Dugue, Benoit"]
[Black "Perez, Javier"]
[Result "1-0"]
[WhiteElo "1873"]
[BlackElo "1870"]
[PlyCount "115"]
[EventDate "2011.??.??"]

1. d4 Nf6 2. e3 e6 3. f4 d5 4. Nf3 Bd6 5. Bd3 b6 6. O-O Bb7 7. c3 Nbd7 8. Ne5
c5 9. Nd2 Qe7 10. Ndf3 Ne4 11. Bb5 Bc8 12. Ng5 Bxe5 13. Nxe4 dxe4 14. fxe5 a6
15. Bc6 Ra7 16. Bxe4 Bb7 17. Bxb7 Rxb7 18. Qf3 Nf8 19. Bd2 Ng6 20. Be1 O-O 21.
Bg3 Rc7 22. Rad1 Qg5 23. a4 a5 24. Qe4 Ne7 25. Bh4 Qg6 26. Qxg6 Nxg6 27. Bg3 h5
28. h3 Ne7 29. Bh4 Nf5 30. Bg5 Ng3 31. Rf3 h4 32. Bxh4 Nf5 33. Bg5 cxd4 34.
exd4 Rfc8 35. g4 Ne7 36. Bxe7 Rxe7 37. h4 Rec7 38. Kg2 Rc4 39. Ra1 g6 40. Kf2
Kg7 41. g5 R8c7 42. Ke2 Rc8 43. Kd2 b5 44. axb5 a4 45. Raf1 R8c7 46. b6 Rb7 47.
Kd3 Rc8 48. c4 Rxb6 49. Rxf7+ Kg8 50. Ra7 Rb3+ 51. Ke4 Rxb2 52. Rxa4 Rcb8 53.
Rf6 Re2+ 54. Kd3 Rh2 55. Rxg6+ Kh7 56. Rxe6 Rh3+ 57. Ke4 Rxh4+ 58. Kd5 1-0

[Event "35 Masters 2011"]
[Site "Rennes"]
[Date "2011.06.12"]
[Round "4.12"]
[White "Henry, Solenne"]
[Black "Collet, Davy"]
[Result "1/2-1/2"]
[WhiteElo "1707"]
[BlackElo "1796"]
[PlyCount "76"]
[EventDate "2011.??.??"]

1. e4 c6 2. d4 d5 3. Nc3 dxe4 4. Nxe4 Bf5 5. Ng3 Bg6 6. Nf3 Nd7 7. Bd3 Bxd3 8.
Qxd3 e6 9. O-O Be7 10. Bf4 Ngf6 11. c4 O-O 12. Rfd1 a5 13. Ne5 Qc8 14. Qf3 Re8
15. b3 Nf8 16. Ne2 Ng6 17. Nxg6 hxg6 18. Nc3 Bb4 19. Rac1 Nh5 20. Be3 Qc7 21.
Ne4 Ba3 22. Rc2 Be7 23. Ng5 Bxg5 24. Bxg5 f5 25. Re2 e5 26. dxe5 Rxe5 27. Rde1
Rae8 28. Rxe5 Rxe5 29. Qc3 Rxe1+ 30. Qxe1 Kf7 31. g3 Nf6 32. Bxf6 gxf6 33. Kg2
Qe5 34. Qxe5 fxe5 35. Kf3 Kf6 36. h4 g5 37. hxg5+ Kxg5 38. Kg2 Kh5 1/2-1/2

[Event "35 Masters 2011"]
[Site "Rennes"]
[Date "2011.06.13"]
[Round "5.1"]
[White "Theon, Pierre"]
[Black "Aubry, Yannis"]
[Result "1/2-1/2"]
[WhiteElo "2103"]
[BlackElo "2055"]
[PlyCount "54"]
[EventDate "2011.??.??"]

1. e4 d6 2. d4 Nf6 3. Nc3 e5 4. dxe5 dxe5 5. Qxd8+ Kxd8 6. Bg5 c6 7. Bc4 Ke8 8.
O-O-O Bc5 9. Nf3 Nbd7 10. Bh4 b5 11. Bb3 Bb6 12. Rhe1 Bc7 13. Bg3 h6 14. h4 g6
15. Ne2 Ng4 16. Ned4 Nb8 17. h5 Ke7 18. hxg6 fxg6 19. Nxb5 cxb5 20. Bd5 Nc6 21.
Bxc6 Rb8 22. Nd4 Ba5 23. Bd5 Bd7 24. f3 Bxe1 25. Rxe1 exd4 26. Bxb8 Rxb8 27.
fxg4 Bxg4 1/2-1/2

[Event "35 Masters 2011"]
[Site "Rennes"]
[Date "2011.06.13"]
[Round "5.2"]
[White "Maulana, Kahfi"]
[Black "Louis, Corentin"]
[Result "1/2-1/2"]
[WhiteElo "1917"]
[BlackElo "1946"]
[PlyCount "84"]
[EventDate "2011.??.??"]

1. e4 e6 2. d3 d5 3. Nd2 Nf6 4. g3 b5 5. Bg2 Bb7 6. Qe2 c5 7. e5 Nfd7 8. f4 Be7
9. Ngf3 Nc6 10. O-O g6 11. h3 Qc7 12. c3 b4 13. Kh1 h5 14. h4 a5 15. Rd1 Ba6
16. Nf1 Nb6 17. Be3 c4 18. Qf2 Na4 19. Qc2 Nc5 20. Bxc5 Bxc5 21. d4 Be7 22. Ne3
Rb8 23. Ng5 Bxg5 24. fxg5 Ne7 25. Qf2 bxc3 26. bxc3 Qb6 27. Rf1 Nf5 {(=)} 28.
Nxf5 gxf5 29. Qc2 Ke7 30. Rab1 Qc6 31. Bf3 Rb5 32. Rxb5 Bxb5 33. Qb2 Kf8 34.
Qe2 Ba4 35. Bxh5 Kg7 36. Rb1 Qc7 37. Bf3 Rb8 38. Rxb8 Qxb8 39. Kh2 Qb1 40. Bg2
Bd1 41. Qd2 Bc2 42. a3 Bd3 1/2-1/2

[Event "35 Masters 2011"]
[Site "Rennes"]
[Date "2011.06.13"]
[Round "5.3"]
[White "Alanic, Xavier"]
[Black "Busnel, Laurent"]
[Result "1-0"]
[WhiteElo "2287"]
[BlackElo "1913"]
[PlyCount "45"]
[EventDate "2011.??.??"]

1. e4 c5 2. f4 e5 3. Nf3 exf4 4. Bc4 Nc6 5. d3 d6 6. Bxf4 Be6 7. Nc3 Be7 8. Nd5
Qd7 9. O-O O-O-O 10. c3 h6 11. b4 g5 12. Bg3 f5 13. exf5 Bxf5 14. Qa4 Nf6 15.
bxc5 Nxd5 16. Bxd5 dxc5 17. Bxc6 Qxc6 18. Qxa7 Bd6 19. Bxd6 Qxd6 20. d4 Be4 21.
Ne5 Bd5 22. Nf7 Bxf7 23. Rxf7 1-0

[Event "35 Masters 2011"]
[Site "Rennes"]
[Date "2011.06.13"]
[Round "5.4"]
[White "Savary, Xavier"]
[Black "Castel, Efflam"]
[Result "0-1"]
[WhiteElo "1875"]
[BlackElo "1922"]
[PlyCount "64"]
[EventDate "2011.??.??"]

1. e4 e5 2. Nf3 Nf6 3. Nxe5 d6 4. Nf3 Nxe4 5. d4 d5 6. Bd3 Bd6 7. O-O O-O 8. c4
c6 9. Nc3 Nxc3 10. bxc3 dxc4 11. Bxc4 Bg4 12. Qd3 Bh5 13. Bg5 Qc7 14. h3 Bg6
15. Qe3 Nd7 16. Rfe1 Rfe8 17. Qxe8+ Rxe8 18. Rxe8+ Bf8 19. Rae1 Nf6 20. R1e7
Qxe7 21. Rxe7 Bxe7 22. Ne5 Nd5 23. Bxe7 Nxe7 24. Nxg6 Nxg6 25. g3 Kf8 26. Kg2
Ne7 27. Kf3 Nc8 28. Kf4 Nd6 29. Bd3 h6 30. Ke5 Ke7 31. a4 g5 32. Bf5 f6# 0-1

[Event "35 Masters 2011"]
[Site "Rennes"]
[Date "2011.06.13"]
[Round "5.5"]
[White "Fisson, Sebastien"]
[Black "Wirth, Thierry"]
[Result "0-1"]
[WhiteElo "1910"]
[BlackElo "1897"]
[PlyCount "82"]
[EventDate "2011.??.??"]

1. c4 e6 2. e3 c6 3. b3 f5 4. Bb2 Nf6 5. Be2 d5 6. h3 Bd6 7. Nf3 O-O 8. Qc2 Qe7
9. g4 e5 10. g5 Ne4 11. Rg1 a5 12. d3 Nc5 13. Nbd2 Nbd7 14. Nxe5 Bxe5 15. d4
Nxb3 16. axb3 Bd6 17. c5 Bc7 18. O-O-O Nb8 19. Bd3 b6 20. e4 fxe4 21. Nxe4 dxe4
22. Bxe4 Bf4+ 23. Kb1 Qxe4 24. Qxe4 Bf5 25. Rde1 Nd7 26. Qxf5 Rxf5 27. Re7 Rf7
28. Re6 bxc5 29. g6 hxg6 30. Rexg6 cxd4 31. Bxd4 Be5 32. Be3 c5 33. h4 Rb8 34.
h5 Rb6 35. f4 Bxf4 36. Bxc5 Rxb3+ 37. Ka2 Nxc5 38. Rc6 Be3 39. Rd1 Rf2+ 40. Ka1
Rbb2 41. Rxc5 Ra2+ 0-1

[Event "35 Masters 2011"]
[Site "Rennes"]
[Date "2011.06.13"]
[Round "5.6"]
[White "Prioul, Jean"]
[Black "Le Marec, Simon"]
[Result "1/2-1/2"]
[WhiteElo "1905"]
[BlackElo "2115"]
[PlyCount "55"]
[EventDate "2011.??.??"]

1. Nf3 Nf6 2. c4 e6 3. Nc3 d5 4. d4 Be7 5. Bg5 O-O 6. e3 Nbd7 7. cxd5 exd5 8.
Bd3 Re8 9. O-O c6 10. Qc2 Nf8 11. Bxf6 Bxf6 12. b4 Be7 13. b5 c5 14. dxc5 Bxc5
15. Ne2 Bb6 16. Ned4 Bg4 17. Bf5 Bh5 18. Rfc1 Ne6 19. Bxh7+ Kh8 20. Qf5 Bxf3
21. Nxf3 g6 22. Qxf7 Re7 23. Qxg6 Nf8 24. Qf6+ Kxh7 25. Rd1 Rd7 26. Qf5+ Kg8
27. Ne5 Rg7 28. Nf3 {(=)} 1/2-1/2

[Event "35 Masters 2011"]
[Site "Rennes"]
[Date "2011.06.13"]
[Round "5.7"]
[White "Huard, Herve"]
[Black "Bordais, Baptiste"]
[Result "1/2-1/2"]
[WhiteElo "1770"]
[BlackElo "1780"]
[PlyCount "116"]
[EventDate "2011.??.??"]

1. e4 c6 2. d4 d5 3. Bd3 dxe4 4. Bxe4 Nf6 5. Bf3 g6 6. c3 Bg7 7. Nd2 O-O 8. Ne2
Qc7 9. Nc4 Nd5 10. Ne3 e6 11. Nxd5 exd5 12. Bf4 Qb6 13. Qd2 Nd7 14. O-O Nf6 15.
Ng3 Bd7 16. Rfe1 Rfe8 17. Bd6 Re6 18. Rxe6 Bxe6 19. Re1 Re8 20. h3 Qd8 21. Be5
a6 22. b4 Nd7 23. Bxg7 Kxg7 24. Nf1 Nb6 25. Ne3 Nc8 26. Be2 Nd6 27. f3 Qg5 28.
Nf1 Qh4 29. Bd3 Bd7 30. Rxe8 Bxe8 31. Qe3 Bd7 32. Qe5+ Qf6 33. Ne3 Qxe5 34.
dxe5 Ne8 35. Kf2 Nc7 36. Ke2 Ne6 37. g3 d4 38. Nd1 dxc3 39. Nxc3 Nd4+ 40. Ke3
Nf5+ 41. Kf2 Be6 42. g4 Ne7 43. Ke3 Nd5+ 44. Nxd5 Bxd5 45. a3 g5 46. Bf5 b6 47.
Be4 Bxe4 48. Kxe4 Kg6 49. Kd4 h5 50. a4 hxg4 51. hxg4 f5 52. a5 bxa5 53. bxa5
fxg4 54. fxg4 Kf7 55. Kc5 Ke6 56. Kb6 c5 57. Kxc5 Kxe5 58. Kb6 Kd6 1/2-1/2

[Event "35 Masters 2011"]
[Site "Rennes"]
[Date "2011.06.13"]
[Round "5.8"]
[White "Ferret-Leger, Gaspard"]
[Black "Dugue, Benoit"]
[Result "1-0"]
[WhiteElo "1756"]
[BlackElo "1873"]
[PlyCount "38"]
[EventDate "2011.??.??"]

1. e4 c6 2. d4 d5 3. Nc3 dxe4 4. Nxe4 Nf6 5. Nxf6+ exf6 6. c3 Bf5 7. Bc4 Be7 8.
Bf4 Nd7 9. Nf3 Nb6 10. Bb3 O-O 11. O-O Re8 12. Re1 Qd7 13. Nd2 Bd6 14. Bxd6
Rxe1+ 15. Qxe1 Re8 16. Qd1 Qxd6 17. Qf3 Qe7 18. Qxf5 Qe1+ 19. Rxe1 Rxe1+ 1-0

[Event "35 Masters 2011"]
[Site "Rennes"]
[Date "2011.06.13"]
[Round "5.9"]
[White "Demellier, Antonin"]
[Black "Dupitier, Mickael"]
[Result "1/2-1/2"]
[WhiteElo "1686"]
[BlackElo "1853"]
[PlyCount "61"]
[EventDate "2011.??.??"]

1. e4 c5 2. Nf3 d6 3. Bb5+ Bd7 4. Bxd7+ Qxd7 5. O-O Nc6 6. c3 d5 7. exd5 Qxd5
8. d4 e6 9. Bf4 Nf6 10. Qd3 cxd4 11. Nxd4 Nxd4 12. Qxd4 Qxd4 13. cxd4 Nd5 14.
Bg3 Bb4 15. Rd1 Rc8 16. a3 Ba5 17. b4 Bc7 18. Rc1 Kd7 19. Be5 f6 20. Bxc7 {(=)}
Nxc7 21. Nc3 Kd6 22. Kf1 a6 23. Ke2 {(=)} f5 24. Kd3 b6 25. Re1 Ne8 26. Re5 Nf6
27. f3 Nd7 28. Re3 Rhe8 29. Rae1 Nf6 30. Ne2 Nd5 31. Re5 {(=)} 1/2-1/2